| 000 | 01164nam a22003137a 4500 | ||
|---|---|---|---|
| 003 | CHAP | ||
| 005 | 20220329135417.0 | ||
| 008 | 971013s1982 r 00010 d | ||
| 010 | _a35987 | ||
| 011 | _a36959 | ||
| 035 | _a41078 | ||
| 040 | _cCHAP | ||
| 082 |
_a338 _bM49 |
||
| 110 |
_aMéxico. Coordinación General de los Servicios Nacionales de Estadística, Geografía e Informática _976893 |
||
| 245 |
_aDirectorio de establecimientos industriales _b: industrias extractiva y manufacturera |
||
| 260 |
_aMéxico, D.F. : _bLa Coordinación, _c1982 |
||
| 300 | _a549 p | ||
| 590 |
_aBATCH-UPD _b10 _c20130110 _lUCH01 _h2015 |
||
| 590 |
_aBATCH-UPD _b10 _c20130410 _lUCH01 _h1333 |
||
| 590 |
_aBATCH-UPD _b10 _c20130914 _lUCH01 _h1633 |
||
| 590 |
_aCONVERSION _b10 _c20130109 _lUCH01 _h1320 |
||
| 650 | 1 | 4 |
_aIndustria _xDirectorios _xMéxico. _957700 |
| 650 | 1 | 4 |
_aIndustrias manufactureras _xDirectorios. _958009 |
| 901 | _aBK | ||
| 942 | _cLIBRO | ||
| 949 |
_a338 M49 _bBC _cC _d33724000508693 _eC _fc.2 _h61579 _i41078 _mD _si |
||
| 949 |
_a338 M49 _bBC _cC _d33724000509501 _eC _fc.3 _h63354 _i41078 _mD _si |
||
| 949 |
_a338 M49 _bBC _cC _d33724000509519 _eC _h59321 _i41078 _mD _si |
||
| 999 |
_c35987 _d35987 |
||